• 首页
  • 本馆介绍
  • 公告通知
  • 最新文献
  • 馆藏检索
  • 电子资源
  • 读者导购
  • 参考咨询
  • 我的图书馆
  • 登录
  • 详细信息显示
  • 放入我的书架
  • 预约/预借图书
  • 作者相关作品
  • 分类相关作品
  • 丛书相关作品
  • 出版社相关作品

书目信息

  • 表格格式
  • 工作单格式
  • 卡片格式
题名:
中国皇权制度研究
    
 
作者: 王毅 著
分册: 上  
出版信息: 北京   北京大学出版社  2007
页数: 627页
开本: 24cm
丛书名:
单 册:
中图分类: D691.2
科图分类:
主题词: 政治制度--研究--中国--古代 , 政治--中国
电子资源:
ISBN: 978-7-301-12711-7
000 00891nam0 2200265 450
001 012004187901
005 20080303164210.14
009 012004187901
010    @a978-7-301-12711-7@b软精装@dCNY69.00
035    @a(110019)012007053690
100    @a20071115d2007 em y0chiy0110 ea
101 0  @achi
102    @aCN@b110000
105    @ay z 001yy
106    @ar
200 1  @a中国皇权制度研究@Azhong guo huang quan zhi du yan jiu@e以16世纪前后中国制度形态及其法理为焦点@h上@f王毅著
210    @a北京@c北京大学出版社@d2007
215    @a627页@d24cm
330    @a本书分上、下两册,阐述了作为皇权制度核心的法理和法律体系、中国皇权统治下的行政体制与社会形态、中国皇权社会的经济体制及其制度方向等编内容。
606 0  @a政治制度@x研究@y中国@z古代
606 0  @a政治@x中国
690    @aD691.2@v4
701  0 @a王毅@Awang yi@4著
801  0 @aCN@b110019@c20080303
905    @dD691.2@e151:1@f4
    
    中国皇权制度研究:以16世纪前后中国制度形态及其法理为焦点.上/王毅著.-北京:北京大学出版社,2007
    627页;24cm
    
    
    ISBN 978-7-301-12711-7(软精装):CNY69.00
    本书分上、下两册,阐述了作为皇权制度核心的法理和法律体系、中国皇权统治下的行政体制与社会形态、中国皇权社会的经济体制及其制度方向等编内容。
●
相关链接 在E读中查询图书 在五车中查询图书 在当当中查询图书 在豆瓣中查询图书


正题名:中国皇权制度研究     索取号:D691.2/151:1         预约/预借

序号 登录号 条形码 馆藏地/架位号 状态 备注
1 0793298   207932987   第一样本阅览室/ [索取号:D691.2/151:1] 在馆    
2 0793299   207932996   第一借阅区/ [索取号:D691.2/151:1] 在馆    
3 0793300   207933003   第一借阅区/ [索取号:D691.2/151:1] 在馆    
4 0793301   207933012   第一借阅区/ [索取号:D691.2/151:1] 在馆    
唐山师范学院图书馆 欢迎您!
大连网信软件有限公司© 版权所有